Neoklasický model ekonomického rastu: ako naplniť teóriu číslami

Možnosť kalibrácie jednoduchého neoklasického Ramsey-Cass-Koopmans modelu na podmienky Slovenskej republiky. Kalibrácia parametrov modelu na základe národných účtov SR a simulácia Ramsey-Cass-Koopmans modelu.

Na minha lista:
Detalhes bibliográficos
Autor principal: Dujava, Daniel
Formato: Capítulo de Livro
Idioma:eslovaco
Assuntos:
Tags: Adicionar Tag
Sem tags, seja o primeiro a adicionar uma tag!

MARC

LEADER 00000nla$a2200000$$$4500
001 0147786
005 20240502072651.6
041 0 |a slo 
044 |a SK 
245 1 0 |a Neoklasický model ekonomického rastu: ako naplniť teóriu číslami  |c Daniel Dujava 
520 |a Možnosť kalibrácie jednoduchého neoklasického Ramsey-Cass-Koopmans modelu na podmienky Slovenskej republiky. Kalibrácia parametrov modelu na základe národných účtov SR a simulácia Ramsey-Cass-Koopmans modelu. 
610 2 0 |a rast hospodársky 
610 2 0 |a modely 
610 2 0 |a Slovensko 
610 2 0 |a účty národné 
610 2 0 |a spotreba domácností 
100 1 |a Dujava, Daniel